El negocio jurídico: estudios de derecho civil

Gorde:
Xehetasun bibliografikoak
Egile nagusia: Mozos, José Luis de los (autor)
Formatua: Liburua
Hizkuntza:gaztelania
Argitaratua: Madrid Montecorvo 1987
Gaiak:
Etiketak: Etiketa erantsi
Etiketarik gabe, Izan zaitez lehena erregistro honi etiketa jartzen!

MARC

LEADER 00000nam a2200000 a 4500
001 UCP4746
003 CL-VaPUC
008 990813e19870000SP |||||||||||||||||spa|d
082 0 4 |a 346.02  |b DEL  |2 21 
100 |a Mozos, José Luis de los  |e autor  |9 385355 
245 1 3 |a El negocio jurídico: estudios de derecho civil 
300 |a 629 p 
942 |c BK 
945 |d 19990813 00:00:00  |a rbrito 
260 |a Madrid  |b Montecorvo  |c 1987 
650 0 |a Actos jurídicos  |9 255748 
650 0 |a Causa  |9 328431 
650 0 |a Derecho privado  |9 258243 
650 7 |a DEUDA  |2 CL-VaPUC  |9 375786 
650 7 |a NEGOCIO FIDUCIARIO  |2 CL-VaPUC  |9 385345 
650 0 |a Negocio jurídico  |9 258242 
583 |a last modification  |c 19990813 00:00:00  |k Rodrigo Vera 
999 |c 282645  |d 282643 
952 |0 0  |1 0  |4 0  |6 346_020000000000000_DEL_1987  |7 0  |8 A  |9 324699  |a BIBDER  |b BIBDER  |d 2019-11-20  |i 3546659  |l 2  |o 346.02 DEL 1987  |p 3546659  |r 2023-01-25  |s 2021-10-16  |w 2019-11-20  |y BK  |k DER